00416 2200157 4500001002100000005001500021035002000036245005800056100001600114300002800130260004400158082000800202084001400210020002200224990001200246INLIS00000000000268820250910110902 a0010-09250000351 aPanduan Tanggap Darurat Bencana Banjir /cAhmad Fauzi0 aAhmad Fauzi a143 hlm ;c14,5 x 21 cm aJakarta :bEsensi Erlangga Group,c2018 a000 a000 AHM p a978-602-6847-79-9 a0755334